| 000 | 00974nam a2200265 a 4500 | ||
|---|---|---|---|
| 001 | BRCA_811 | ||
| 005 | 20190320203147.0 | ||
| 008 | 890314r19891948nyua---##b---#000-0#eng-# | ||
| 020 | _a0517682370 | ||
| 040 |
_aDLC _cDLC _dDLC |
||
| 050 | 4 |
_aNK5112 _b.M26 1989 |
|
| 100 | 1 |
_aMcKearin, George Skinner _d1874- _92700 |
|
| 245 | 1 | 0 |
_aAmerican Glass _cGeorge S. and Helen McKearin ; illustrated with 2000 photographs and with 1000 drawings by James L. McCreery. |
| 260 |
_aNueva York _bBonanza Books _c1989 |
||
| 300 |
_axvi, 634 p. _bil., [232] p. de láminas _c28 cm. |
||
| 500 | _aFacsímil de : New York : Crowa Publishers, 1948 | ||
| 500 | _aIncluye índice alfabético, lista de ilustraciones y glosario | ||
| 504 | _aBibliografía : p. 615-617 | ||
| 650 | 1 | 4 |
_aCristalería _zEstados Unidos _92701 |
| 650 | 1 | 4 |
_aFabricación del vidrio _zEstados Unidos _92702 |
| 653 | 0 | _aVidrio | |
| 700 | 1 |
_aMcKearin, Helen _92703 |
|
| 700 | 1 |
_aMcCreery, James _92704 |
|
| 942 |
_2lcc _cB |
||
| 999 |
_c706 _d706 |
||